| 000 | 00912cam a2200217 i 4500 | ||
|---|---|---|---|
| 005 | 20260423095849.0 | ||
| 008 | 250721s2000 jo gr 000 0 ara d | ||
| 082 | 1 | 4 |
_a415 _bم ب ا |
| 100 | 1 |
_aفليح، أحمد _eمؤلف. |
|
| 245 | 1 | 0 |
_aمبادىء في علم الصرف / _cالدكتور أحمد فليح، الدكتور حسن محمد الربايعة، الدكتور محمود مهيرات ، الدكتور محمد حسن العمري. |
| 250 | _aالطبعة الأولى. | ||
| 264 | 3 | 1 |
_aعمان : _bالمركز القومي للنشر، _c2000. |
| 300 | _a212 صفحة. | ||
| 650 | 1 | 7 | _aاللغة العربية. |
| 650 | 1 | 7 | _aقواعد اللغة. |
| 700 | 1 |
_aالربابعة، حسن محمد _eمؤلف. |
|
| 700 | 1 |
_aمهيدات، محمود _eمؤلف. |
|
| 700 | 1 |
_aالعمري، محمد حسن _eمؤلف. |
|
| 942 |
_2ddc _cBK |
||
| 999 |
_c12303 _d12303 |
||